01858cam a22003495i 45000010009000000050017000090080041000260100017000670200031000840350024001150400066001390410013002050420014002182450052002322460054002842500019003382600045003573000047004024900031004495000020004805050154005005200419006546500083010736500059011566500066012156500051012816550024013326550024013569420008013809520105013889990015014932373527320250619080313.0240614s2023 ie a e 001 0 eng d a 2024440195 a9781788680868q(paperback) a(OCoLC)on1401078835 aNZAUCbengerdacNZAUCdTOHdOCLCOdMDBdOCLCQdNYPdBKLdDLC0 aengaspa alccopycat00aLatin American Spanish phrasebook & dictionary.30aLatin American Spanish phrasebook and dictionary. aTenth edition. aDublin, Ireland :bLonely Planet,c2023. a271 pages :bcolor illustrations ;c14 cm.0 aLonely Planet phrasebooks. aIncludes index.0 aAbout Latin American Spanish — Travel Phrases — Basics — Practical — Social — Safe Travel — Food — Menu Decoder — Two-Way Dictionary. aLonely Planet's Latin American Spanish Phrasebook and Dictionary is your handy passport to culturally enriching travels with the most relevant and useful Latin American Spanish phrases and vocabulary for all your travel needs. Mingle with locals at a colourful Latin American mercado, spend a night out dancing to live music, or enjoy a meal in an out-of-the-way restaurant; all with your trusted travel companion. 0aSpanish languagezLatin AmericavConversation and phrase booksxEnglish925519 0aSpanish languagezLatin AmericaxSpoken Spanish925520 0aSpanish languagezLatin AmericavDictionariesxEnglish925521 0aEnglish languagevDictionariesxSpanish925522 0aPhrase books925062 0aDictionaries923843 2lcc 00102lcc4070aTBSbTBSd2025-03-26l0oP-SP LEARN LATpB05840r2025-03-26t1w2025-03-26ySPANISH c4597d4597